书目信息 |
| 题名: |
大学计算机应用基础
|
|
| 作者: | 田富鹏 主编 ;马效敏 编著 | |
| 分册: | ||
| 出版信息: | 北京 机械工业出版社 2006.08 |
|
| 页数: | 287页 | |
| 开本: | 26cm | |
| 丛书名: | ||
| 单 册: | ||
| 中图分类: | TP3 | |
| 科图分类: | ||
| 主题词: | 电子计算机--高等学校--教材 | |
| 电子资源: | ||
| ISBN: | 7-111-16844-5 | |
| 000 | 00858nam0 2200241 450 | |
| 001 | 002994243 | |
| 005 | 20100816162609.23 | |
| 010 | @a7-111-16844-5@dCNY28.00 | |
| 100 | @a20100515d2006 em y0chiy50 ea | |
| 101 | 0 | @achi |
| 102 | @aCN@b110000 | |
| 105 | @aa z 000yy | |
| 200 | 1 | @a大学计算机应用基础@Ada xue ji suan ji ying yong ji chu@f田富鹏主编@Ftian fu peng zhu bian@g马效敏 …[等] 编著@Gma xiao min…[deng]bian zhu |
| 210 | @a北京@c机械工业出版社@d2006.08 | |
| 215 | @a287页@c图@d26cm | |
| 300 | @a计算机基础课程系列教材 | |
| 330 | @a全书共7章。系统地介绍了计算机的基础知识、Windows XP操作系统、Office 2003办公软件的使用方法以及网络的基础知识等。 | |
| 606 | 0 | @a电子计算机@x高等学校@j教材 |
| 690 | @aTP3@v4 | |
| 701 | 0 | @a田富鹏@Atian fu peng@4主编 |
| 702 | 0 | @a马效敏@Ama xiao min@4编著 |
| 801 | 0 | @aCN@c20100515 |
| 905 | @dTP3@eT610@f3 | |
| 大学计算机应用基础/田富鹏主编/马效敏 …[等] 编著.-北京:机械工业出版社,2006.08 |
| 287页:图;26cm |
| 计算机基础课程系列教材 |
| ISBN 7-111-16844-5:CNY28.00 |
| 全书共7章。系统地介绍了计算机的基础知识、Windows XP操作系统、Office 2003办公软件的使用方法以及网络的基础知识等。 |
| ● |
| 相关链接 |
|
|
|
正题名:大学计算机应用基础
索取号:TP3/T610
 
预约/预借
| 序号 | 登录号 | 条形码 | 馆藏地/架位号 | 状态 | 备注 |
| 1 | 1030473 | 210304730 | 自科库301/301自科库 44排1列2层/ [索取号:TP3/T610] | 在馆 | |
| 2 | 1030474 | 210304749 | 自科二线404/301自科库 100排1列1层/ [索取号:TP3/T610] | 在馆 | |
| 3 | 1030475 | 210304758 | 自科库301/301自科库 44排1列2层/ [索取号:TP3/T610] | 在馆 |